Les sociétés de construction. Sociétés régies par la loi du 28 Juin 1938 ou l'article 80 de la loi du 7 Février 1953 et sociétés immobilières ordinaires
Guardat en:
| Autor principal: | |
|---|---|
| Format: | Llibre |
| Idioma: | francès |
| Publicat: |
París
Sirey
1966
|
| Col·lecció: | Bibliothèque de Droit Commercial, 15
|
| Matèries: | |
| Etiquetes: |
Afegir etiqueta
Sense etiquetes, Sigues el primer a etiquetar aquest registre!
|
MARC
| LEADER | 00000nam a2200000 a 4500 | ||
|---|---|---|---|
| 001 | UCS2055 | ||
| 003 | CL-VaPUC | ||
| 008 | 970516e19660000FR |||||||||||||||||fre|d | ||
| 082 | 0 | 4 | |a 346.066 |b WAL |2 21 |
| 100 | 0 | |a Walet, Pierre |e author |9 387071 | |
| 245 | 1 | 4 | |a Les sociétés de construction. Sociétés régies par la loi du 28 Juin 1938 ou l'article 80 de la loi du 7 Février 1953 et sociétés immobilières ordinaires |
| 300 | |a 536 p | ||
| 942 | |c BK | ||
| 945 | |d 19970516 00:00:00 |a paguirre | ||
| 260 | |a París |b Sirey |c 1966 | ||
| 650 | 0 | |a Derecho comercial |9 256340 | |
| 650 | 0 | |a Sociedades |9 259052 | |
| 650 | 0 | |a Construcción |9 260195 | |
| 650 | 0 | |a Obligaciones |9 255578 | |
| 650 | 7 | |a RESPONSABILIDAD CIVIL |2 CL-VaPUC |9 387072 | |
| 650 | 7 | |a LEGISLACION |2 CL-VaPUC |9 387073 | |
| 583 | |a last modification |c 19970516 00:00:00 |k Rodrigo Vera | ||
| 490 | 0 | |a Bibliothèque de Droit Commercial, 15 | |
| 999 | |c 260053 |d 260051 | ||
| 952 | |0 0 |1 0 |4 0 |6 346_066000000000000_WAL_1966 |7 0 |8 A |9 285628 |a BIBDER |b BIBDER |d 2019-11-19 |i 1855743 |o 346.066 WAL 1966 |p 1855743 |r 2023-01-25 |w 2019-11-19 |y BK |k DER | ||